រករូប រកពាក្យ / (Record no. 10094)

MARC details
000 -LEADER
fixed length control field 01568nam a22002777a 4500
001 - CONTROL NUMBER
control field 10094
003 - CONTROL NUMBER IDENTIFIER
control field FISKH
005 - DATE AND TIME OF LATEST TRANSACTION
control field 20260408100913.0
008 - FIXED-LENGTH DATA ELEMENTS--GENERAL INFORMATION
fixed length control field 260408b cb ||||| |||| 00| 0 eng d
020 ## - INTERNATIONAL STANDARD BOOK NUMBER
International Standard Book Number 9789924502142
040 ## - CATALOGING SOURCE
Original cataloging agency FISKH
Language of cataloging eng
Transcribing agency FISKH
Modifying agency FISKH
050 ## - LIBRARY OF CONGRESS CALL NUMBER
Classification number PL4321 .R35
082 ## - DEWEY DECIMAL CLASSIFICATION NUMBER
Classification number 495.9321
100 ## - MAIN ENTRY--PERSONAL NAME
Personal name Chantha, Chaem
245 ## - TITLE STATEMENT
Title រករូប រកពាក្យ /
Statement of responsibility, etc. សេង វិសុទ្ទ
260 ## - PUBLICATION, DISTRIBUTION, ETC.
Place of publication, distribution, etc. Phnom Penh :
Name of publisher, distributor, etc. Sok Heng Printing House,
Date of publication, distribution, etc. 2019.
300 ## - PHYSICAL DESCRIPTION
Extent 24 pages :
Other physical details color illustrations ;
Dimensions 19 cm
505 ## - FORMATTED CONTENTS NOTE
Formatted contents note F<br/>
520 ## - SUMMARY, ETC.
Summary, etc. សៀវភៅរូបភាពភាសាខ្មែរសម្រាប់កុមារ ដែលជួយឲ្យអ្នកអានសង្កេតរូបភាព និងស្វែងរកពាក្យពាក់ព័ន្ធនៅក្នុងជីវិតប្រចាំថ្ងៃ។ សៀវភៅនេះជួយអភិវឌ្ឍវាក្យសព្ទ ជំនាញសង្កេត និងការអានដំបូងសម្រាប់កុមារតូចៗ។
520 ## - SUMMARY, ETC.
Summary, etc. This Khmer picture book for children helps readers observe images and find words related to everyday life. It supports the development of vocabulary, observation skills, and early reading skills for young children.
650 ## - SUBJECT ADDED ENTRY--TOPICAL TERM
Topical term or geographic name entry element Vocabulary
Form subdivision Juvenile literature
General subdivision Picture books for children
650 ## - SUBJECT ADDED ENTRY--TOPICAL TERM
Topical term or geographic name entry element Searching Vocabulary
Form subdivision Searching Pictures
700 ## - ADDED ENTRY--PERSONAL NAME
Personal name Visoth, Seng Illustrator
942 ## - ADDED ENTRY ELEMENTS (KOHA)
Source of classification or shelving scheme Dewey Decimal Classification
Koha item type Khmer Books
Suppress in OPAC No
Holdings
Withdrawn status Lost status Source of classification or shelving scheme Damaged status Not for loan Collection Home library Current library Shelving location Date acquired Total Checkouts Full call number Barcode Date last seen Copy number Price effective from Koha item type
    Dewey Decimal Classification     Khmer Language Books / សៀវភៅភាសាខ្មែរ Footprints International School Library Network Toul Tom Poung Campus Footprints International School Library Network Toul Tom Poung Campus TTP Primary Khmer Bookshelves 04/08/2026   CHA 495.9321 PL4321 .R35 2026-0465 04/08/2026 1 04/08/2026 Khmer Books